El cuerpo y sus espejos: estudios antropológico-culturales
Guardat en:
| Autor principal: | |
|---|---|
| Format: | Llibre |
| Idioma: | espanyol |
| Publicat: |
Montevideo
Planeta
2008
|
| Edició: | 1a. ed |
| Matèries: | |
| Etiquetes: |
Afegir etiqueta
Sense etiquetes, Sigues el primer a etiquetar aquest registre!
|
MARC
| LEADER | 00000nam a2200000 a 4500 | ||
|---|---|---|---|
| 001 | UCG5226 | ||
| 003 | CL-VaPUC | ||
| 008 | 110113e20080300UY |||||||||||||||||spa|d | ||
| 020 | |a 9789974643482 | ||
| 082 | 0 | 4 | |a 306 |b POR |2 21 |
| 100 | 0 | |a Porzecanski, Teresa |e author |9 554849 | |
| 245 | 1 | 3 | |a El cuerpo y sus espejos: estudios antropológico-culturales |
| 250 | |a 1a. ed | ||
| 300 | |a 383 p | ||
| 942 | |c BK | ||
| 945 | |d 20110113 00:00:00 |a dcastane | ||
| 260 | |a Montevideo |b Planeta |c 2008 | ||
| 650 | 0 | |a Sociología |9 255410 | |
| 650 | 0 | |a Antropología física |9 308323 | |
| 650 | 0 | |a Cuerpo humano |9 257169 | |
| 650 | 0 | |a Aspectos sociales |9 254894 | |
| 583 | |a last modification |c 20110113 00:00:00 |k Rodrigo Vera | ||
| 999 | |c 343790 |d 343788 | ||
| 952 | |0 0 |1 0 |4 0 |6 306_000000000000000_POR_2008 |7 0 |8 A |9 441383 |a BIBHIS |b BIBHIS |d 2019-11-22 |i 4746511 |o 306 POR 2008 |p 4746511 |r 2025-01-20 |w 2019-11-22 |y BK |k HIS | ||
| 952 | |0 0 |1 0 |4 0 |6 306_000000000000000_POR_2008 |7 0 |8 A |9 441384 |a BIBHIS |b BIBHIS |d 2019-11-22 |i 474652K |o 306 POR 2008 |p 474652K |r 2025-01-20 |w 2019-11-22 |y BK |k HIS | ||